| 000 | 01225nam0a22002411 4500 | ||
|---|---|---|---|
| 001 | rc\375888 | ||
| 005 | 20250621055731.0 | ||
| 035 | _a(NLR Aleph) 005607806 | ||
| 090 |
_a6381068 _c6381068 |
||
| 100 | _a20030307d1989 |||y0rusy50 ca | ||
| 101 | 0 | _arus | |
| 102 | _aRU | ||
| 105 | _ay ||||||||| | ||
| 200 | 1 |
_aСовершенствование организации строительного производства в условиях реконструкции и технического перевооружения действующих предприятий _eПробл. лекция для студентов спец. "АСУ" - 0646, "Экономика и упр. в стр-ве" - 07.08 _fН.А. Моисеенко, к. э. н. _gГос. ком. СССР по нар. образованию, Моск. ин-т упр. им. Серго Орджоникидзе |
|
| 210 |
_aМ. _cМИУ _d1989 |
||
| 215 |
_a27 с. _d20 |
||
| 700 | 1 |
_aМоисеенко _bН. А. _cд-р экон. наук _f1955-2021 _gНаталья Анатольевна _9146894 _3RU\NLR\AUTH\770146930 |
|
| 801 | 0 |
_aRU _bNLR _gpsbo |
|
| 801 | 1 |
_aRU _bELAR _2rusmarc |
|
| 852 |
_aNLR _j90-4/12061 |
||
| 942 | _cBOOK | ||
| 980 | _aNB | ||